Estadios del fútbol español 2019/20 - Estadísticas

Estadísticas generales
  • Esta prueba ha sido intentada 468 veces
  • La puntuación promedio es 19 de 42
Estadísticas de respuestas
Equipo Estadio % Correcto
F.C. Barcelona Camp Nou
96%
Athletic Club San Mamés
94%
Atlético de Madrid Wanda Metropolitano
91%
Real Madrid C.F. Santiago Bernabéu
90%
Valencia C.F. Mestalla
82%
Real Betis Balompié Benito Villamarín
80%
Sevilla F.C. Ramón Sánchez Pizjuán
76%
C.A. Osasuna El Sadar
74%
C.D. Leganés Butarque
72%
Getafe C.F. Coliseum Alfonso Pérez
62%
Deportivo Alavés Mendizorroza
62%
Real Valladolid José Zorrilla
60%
R.C.D. Mallorca Son Moix
58%
Levante U.D. Ciutat de València
56%
S.D. Eibar Ipurúa
55%
R.C.D. Espanyol RCDE Stadium
52%
Málaga C.F. La Rosaleda
51%
Real Zaragoza La Romareda
50%
Granada C.F. Nuevo Los Cármenes
50%
Girona F.C. Montilivi
43%
Real Racing Club de Santander El Sardinero
42%
Villarreal C.F. Estadio de la Cerámica
39%
Real Oviedo Carlos Tartiere
38%
Elche C.F. Martínez Valero
38%
Cádiz C.F. Ramón de Carranza
37%
R.C. Celta de Vigo Abanca-Balaídos
36%
Rayo Vallecano de Madrid Estadio de Vallecas
36%
Albacete Balompié Carlos Belmonte
29%
S.D. Huesca El Alcoraz
27%
U.D. Las Palmas Gran Canaria
27%
C.F. Fuenlabrada Fernando Torres
26%
C.D. Tenerife Heliodoro Rodríguez López
26%
A.D. Alcorcón Santo Domingo
26%
C.D. Lugo Anxo Carro
25%
R.C. Deportivo de La Coruña Abanca-Riazor
23%
C.D. Mirandés Anduva
22%
S.D. Ponferradina El Toralín
17%
U.D. Almería Estadio de los Juegos Mediterráneos
15%
Real Sporting de Gijón El Molinón-Enrique Castro "Quini"
13%
C.D. Numancia de Soria Nuevo Los Pajaritos
12%
Extremadura U.D. Francisco de la Hera
10%
Real Sociedad Reale Seguros Stadium
7%
No se encontraron pruebas coincidentes
Distribución de puntuación
Porcentaje de gente con cada puntuación
Porcentaje por número respondido
Historial de tus puntuaciones
No has intentado esta prueba.